The Wonders of God / (Record no. 143654)

MARC details
000 -LEADER
fixed length control field 00543nam a22001817a 4500
005 - DATE AND TIME OF LATEST TRANSACTION
control field 20170822145524.0
010 ## - LCCN (DPL NO)
LC control number ENG-119933
020 ## - INTERNATIONAL STANDARD BOOK NUMBER
International Standard Book Number 9789381016732
Terms of availability 120.00
035 ## - SYSTEM CONTROL NUMBER
System control number EN-103465
037 ## - SOURCE OF ACQUISITION
Source of stock number/acquisition DBAB/PUB
082 ## - DEWEY DECIMAL CLASSIFICATION NUMBER
Classification number 280
100 ## - MAIN ENTRY--PERSONAL NAME
Personal name MacDonald, William
245 ## - TITLE STATEMENT
Title The Wonders of God /
Statement of responsibility, etc by William MacDonald
260 ## - PUBLICATION, DISTRIBUTION, ETC. (IMPRINT)
Place of publication, distribution, etc Chennai
Name of publisher, distributor, etc Moriah Ministeries
Date of publication, distribution, etc 2017
270 ## - ADDRESS
Address No. 31/33, Water Tank Road, MMDA Colony Arumbakkam,
City Chennai
Postal code 600106
300 ## - PHYSICAL DESCRIPTION
Extent iv,140p.
Dimensions 21cm(pbk)
942 ## - ADDED ENTRY ELEMENTS (KOHA)
Source of classification or shelving scheme Dewey Decimal Classification
Item type English Books
Classification part 280
Call number suffix MAC
Holdings
Withdrawn status Lost status Not for loan Collection code Home library Current library Date acquired Source of acquisition Cost, normal purchase price Full call number Barcode Copy number Cost, replacement price Koha item type
      Non-fiction Shahdara Branch Shahdara Branch 22/08/2017 DBAD/PUB 120.00 280 MAC EN-103465 1 120.00 English Books

© Delhi Public Library
Hit Counter
free hit counter